000 00446nam a2200157 i 4500
001 50689
003 ES-MaACL
005 20230906162223.0
007 t|
008 030806s1905 fr ||||1| fre d
100 1 _aCuche, Paul.
_941953
245 1 0 _aTraité de Science et de Legislation penitentiares /
_cpar Paul Cache.
260 _a[S.l. :
_bs.n.,
_c1905] (
_eLaval :
_fL. Barnéoud)
300 _a510 p. ;
_c25 cm.
852 _aES-MaACL
_jD-92
999 _c50689
_d50689